000 00329nam a2200109Ia 4500
008 171211s9999 xx 000 0 und d
245 _aLuzides Träumen - Die Kunst des Klarträumens effektiv erlernen
245 _cAndreas Schwarz
260 _c2016
650 _xReligion
856 _uhttp://down.ebook777.com/063/3741857122.pdf
999 _c350466
_d350466